000 00330nam a2200133Ia 4500
005 20251222144632.0
008 251222s9999||||xx |||||||||||||| ||spa||
020 _a84-7827-115-5
082 _a371.42/P43
100 _aPere Arnaiz, Sofía Isús
245 0 _aLa Tutoría, Organización y Tareas
264 _bGraó
942 _cLIB
999 _c16349
_d16349